| 000 | 01010nas a2200325 4500 | ||
|---|---|---|---|
| 001 | BR8701699 | ||
| 003 | BR-BrBNA | ||
| 005 | 20231205090616.0 | ||
| 007 | ta | ||
| 008 | 230509b bl.|||p| |||| 00| 00por d | ||
| 040 |
_aBR-BrBNA _bpor _cBiblioteca Nacional de Agricultura |
||
| 041 | _a(Pt) | ||
| 072 | _aM40; M12; M11 | ||
| 100 | 1 | _aAmorim, A.F. de | |
| 100 | 1 | _aArfelli, C.A. | |
| 245 | 1 | _aEstudo biologico - pesqueiro do espadarte, Xiphias gladius Linnaeus, 1758, no sudeste do Sul do Brasil (1971 a 1981)[peixe espada] | |
| 650 | _aPEIXE PELAGICO | ||
| 650 | _aECOLOGIA ANIMAL | ||
| 650 | _aCOMPORTAMENTO ANIMAL | ||
| 650 | _aBIOLOGIA ANIMAL | ||
| 650 | _aMORFOLOGIA ANIMAL | ||
| 650 | _aTAXONOMIA ANIMAL | ||
| 650 | _aPESO | ||
| 650 | _aCAPTURA | ||
| 650 | _aPARASITO DE ANIMAL | ||
| 650 | _aPREDADOR | ||
| 773 | 0 |
_tBoletim do Instituto de Pesca (Brazil) _xISSN 0046-9939 _g(Dec 1984), v. 11 p. 35-62 _wBR8701699 |
|
| 909 |
_a202311 _bLúcia _c55 _dLúcia Elande |
||
| 942 |
_2AGRIS _n0 _cANA |
||
| 999 |
_c119727 _d119727 |
||